000 00877cab a2200265 4500
001 ABS54021
008 090401t1995 xxu||||| |||| 00| 0 eng d
035 _a(Sirsi) u7922
041 _aeng
245 _aMannai Investment Co Ltd v Eagle Star Life Assurance Co Ltd
260 _c1995
350 _a0
490 _aWeekly Law Reports
_v[1995] 1 WLR 1508-1516(9)
520 _aCA 5 July 1995. Considers the validity of a notice to determine two leases and whether the notice was served in time and complied with the contractual provisions.
650 _aCAR PARK
650 _aDETERMINATION OF LEASE
650 _aLEASES
650 _aMANNAI INVESTMENT CO LTD V EAGLE STAR LIFE ASSURANCE CO LTD UK
650 _aNOTICE TO DETERMINE
650 _aOFFICES
650 _aTIME LIMITS
690 _aLANDLORD AND TENANT-CASE LAW
942 _n0
948 _c04/03/1997
999 _c4822
_d4822